000 00333nam a2200157Ia 4500
003 OSt
005 20240127121613.0
008 170524s9999 xx 000 0 und d
020 _a9780070702530
040 _ciimtu
100 _aNag- P.K.
245 0 _aHeat and Mass Transfer
260 _bTMH
260 _c2011
942 _2ddc
_c02
999 _c5986
_d5986